The city of ember : The graphic novel
In the spring 2003, kids, parents, teachers, librarians-whole communities-discovered and fell in love with Jeanne DuPrau's story about a doomed city, and the two children who found a way out. Nearly 10 years later, that story, The City of Ember, is a bona fide classic, with over 1.7 million cop...
Zapisane w:
| 1. autor: | |
|---|---|
| Kolejni autorzy: | |
| Format: | Książka |
| Język: | Vietnamese |
| Wydane: |
New York
Random House
2012
|
| Hasła przedmiotowe: | |
| Etykiety: |
Dodaj etykietę
Nie ma etykietki, Dołącz pierwszą etykiete!
|
| Thư viện lưu trữ: | Thư viện Trường Đại học Nam Cần Thơ |
|---|
| LEADER | 01287nam a22002177a 4500 | ||
|---|---|---|---|
| 001 | NCT_83474 | ||
| 008 | 200727b xxu||||| |||| 00| 0 vie d | ||
| 999 | |c 4108 |d 4108 | ||
| 020 | |a 9780606268103 | ||
| 082 | 0 | 4 | |2 23rd ed. |a 741.5 |b D918 |
| 100 | 1 | |a DuPrau, Jeanne | |
| 245 | 1 | 0 | |a The city of ember : |b The graphic novel |c Jeanne DuPrau ; Dallas Middaugh (adapted) ; Niklas Asker (art) |
| 260 | |a New York |b Random House |c 2012 | ||
| 300 | |a 144p. |b col. ill. |c 24cm. | ||
| 520 | 3 | |a In the spring 2003, kids, parents, teachers, librarians-whole communities-discovered and fell in love with Jeanne DuPrau's story about a doomed city, and the two children who found a way out. Nearly 10 years later, that story, The City of Ember, is a bona fide classic, with over 1.7 million copies sold. Now experience Jeanne DuPrau's vision anew as artist Niklas Asker faithfully brings to life the glare of the lamps, the dinginess of the streets, and the brilliance of the first sunrise. | |
| 653 | |a Tham khảo | ||
| 700 | 1 | |a Dallas Middaugh |e Adapted | |
| 700 | 1 | |a Niklas Asker |e Art | |
| 942 | |2 ddc |c BK | ||
| 952 | |0 0 |1 0 |2 ddc |4 0 |6 741_500000000000000_D918 |7 0 |9 20142 |a 000001 |b 000001 |d 2020-07-27 |o 741.5 D918 |p TK.00959 |r 2020-07-27 |w 2020-07-27 |y BK | ||
| 980 | |a Thư viện Trường Đại học Nam Cần Thơ | ||


